000
00316 a2200145 4500
001
155696
040
_c
Escola São Tomás de Aquino
100
_a
ALENCAR, José de
240
1
0
_a
José de Alencar
_l
por
245
1
0
_a
José de Alencar
300
_a
107
362
0
_a
1980
697
_a
GENERALIDADES
942
_c
BK
999
_c
155696
_d
155696